000 00227nam a2200109Ia 4500
008 190216s9999||||xx |||||||||||||| ||und||
100 _aKovilan
245 0 _aEzhamedangal
260 _bDc Books
650 _aNovel
942 _cBK
999 _c23754
_d23754